Quiz sur la civilisation maya - Statistiques

Statistiques générales
  • Ce quiz a été pris 401 fois
  • Le résultat moyen est 7 sur 17
Statistiques - réponses
Questions Réponses % Correct
Pays actuels faisant partie de la civilisation maya à son apogée Mexique
90%
Pays actuels faisant partie de la civilisation maya à son apogée Guatemala
84%
Pays actuels faisant partie de la civilisation maya à son apogée Belize
82%
Pays actuels faisant partie de la civilisation maya à son apogée Honduras
81%
Pays actuels faisant partie de la civilisation maya à son apogée Salvador
79%
Année présumée de la fin du monde d'après un calendrier maya 2012
75%
Quelle science les mayas ont-ils développé ? Astronomie
63%
Quelle était le sort réservé aux prisonniers mayas ? Victimes sacrificielles
55%
Les rois mayas étaient recouverts de plumes de quel animal ? Quetzal
45%
De quelle civilisation les mayas ont-ils subit une grande influence ? Olmèque
33%
Quelle était la capitale de la civilisation maya ? Tikal
20%
Combien de jours compte le calendrier rituel ? 260
7%
Quelle est la langue maya la plus répandue ? Quiché
7%
Quel arbre était sacré chez les mayas ? Fromager
6%
Comment se nomme le soulèvement maya face aux colons espagnols en 1847 ? Guerre des {castes}
4%
Comment nomme-t-on les meules en pierre qui servaient à broyer des graines ? Métate
4%
Qui est le Dieu créateur chez les mayas ? Hunab Ku
3%
Aucun quiz correspondant
Distribution des résultats
% des personnes avec chaque résultat
Percentile par nombre de réponses
Votre historique - résultats
Vous n’avez pas pris ce quiz